¿Cuánto sabes de fútbol? - Estadísticas

Estadísticas generales
  • Esta prueba ha sido intentada 3.222 veces
    2.446 desde el último reinicio
  • La puntuación promedio es 16 de 20
Estadísticas de respuestas
Pregunta Respuesta % Correcto
¿Cuál es el país que ha ganado más Copas del Mundo de la FIFA? Brasil
96%
¿Qué jugador es famoso por su "Mano de Dios" en el Mundial de 1986? Diego Maradona
96%
¿Quién es el jugador con más Balones de Oro en la historia (hasta 2023)? Lionel Messi
96%
¿Quién es conocido como "La Pulga"? Lionel Messi
96%
¿Cuál es la liga de fútbol más importante en Inglaterra? Premier League
96%
¿Cuál es el equipo más exitoso en la historia de la UEFA Champions League? Real Madrid
96%
¿Cuál es el nombre del estadio del FC Barcelona? Camp Nou
95%
¿Cuál es el país anfitrión de la Copa del Mundo 2026? Estados Unidos, Canadá y México
93%
¿Quién es el máximo goleador en la historia de la UEFA Champions League? Cristiano Ronaldo
92%
¿En qué país se celebró la Copa del Mundo de 2018? Rusia
92%
¿Qué jugador brasileño es famoso por su "jogo bonito" y por sus habilidades con el balón? Ronaldinho
85%
¿Quién fue el capitán de la selección argentina en la Copa del Mundo de 1986? Diego Maradona
83%
¿Qué equipo ganó la Eurocopa 2020? Italia
80%
¿Quién es el entrenador con más títulos de la UEFA Champions League? Carlo Ancelotti
77%
¿En qué año se celebró la primera Copa del Mundo de la FIFA? 1930
74%
¿Cuál es el apodo del equipo nacional de fútbol de Alemania? Die Mannschaft
70%
¿Quién fue el máximo goleador de la Liga Española (La Liga) en la temporada 2020-2021? Lionel Messi
44%
¿Quién es el máximo goleador de la historia de la selección brasileña? Neymar
42%
¿En qué año se fundó la FIFA? 1904
35%
¿Cuál es el récord de más goles marcados en una sola temporada de La Liga? 50
17%
No se encontraron pruebas coincidentes
Distribución de puntuación
Porcentaje de gente con cada puntuación
Porcentaje por número respondido
Historial de tus puntuaciones
No has intentado esta prueba desde el último reinicio